<?xml version="1.0" encoding="UTF-8"?>
<record
    xmlns:xsi="http://www.w3.org/2001/XMLSchema-instance"
    xsi:schemaLocation="http://www.loc.gov/MARC21/slim http://www.loc.gov/standards/marcxml/schema/MARC21slim.xsd"
    xmlns="http://www.loc.gov/MARC21/slim">

  <leader>00998cam a2200301 a 4500</leader>
  <datafield tag="999" ind1=" " ind2=" ">
    <subfield code="c">7555</subfield>
    <subfield code="d">7555</subfield>
  </datafield>
  <controlfield tag="001">991029511199706706</controlfield>
  <controlfield tag="003">OSt</controlfield>
  <controlfield tag="005">20211217122222.0</controlfield>
  <controlfield tag="008">110126s2010    spc||||||     000 ||spa| </controlfield>
  <datafield tag="015" ind1=" " ind2=" ">
    <subfield code="a">LL2011</subfield>
    <subfield code="2">bnc</subfield>
  </datafield>
  <datafield tag="017" ind1=" " ind2=" ">
    <subfield code="a">DL B. 41441-2010</subfield>
    <subfield code="b">Biblioteca de Catalunya</subfield>
  </datafield>
  <datafield tag="020" ind1=" " ind2=" ">
    <subfield code="a">9788497889070</subfield>
  </datafield>
  <datafield tag="035" ind1=" " ind2=" ">
    <subfield code="a">(ES-BaCBU).b47911554</subfield>
  </datafield>
  <datafield tag="035" ind1=" " ind2=" ">
    <subfield code="a">(OCoLC)804888729</subfield>
  </datafield>
  <datafield tag="040" ind1=" " ind2=" ">
    <subfield code="a">ES-BaBC</subfield>
    <subfield code="b">cat</subfield>
    <subfield code="c">CDMR</subfield>
  </datafield>
  <datafield tag="090" ind1=" " ind2=" ">
    <subfield code="a">PN4784.O62</subfield>
    <subfield code="b">D665 2010</subfield>
  </datafield>
  <datafield tag="100" ind1="1" ind2=" ">
    <subfield code="a">Dom&#xED;nguez Mart&#xED;n, Eva</subfield>
    <subfield code="9">3928</subfield>
  </datafield>
  <datafield tag="245" ind1="1" ind2="3">
    <subfield code="a">El Cuarto bit :</subfield>
    <subfield code="b">una d&#xE9;cada de reflexiones sobre periodismo e Internet/</subfield>
    <subfield code="c">Eva Dom&#xED;nguez</subfield>
  </datafield>
  <datafield tag="260" ind1=" " ind2=" ">
    <subfield code="a">Barcelona :</subfield>
    <subfield code="b">Editorial UOC,</subfield>
    <subfield code="c">2010</subfield>
  </datafield>
  <datafield tag="300" ind1=" " ind2=" ">
    <subfield code="a">125 p. ;</subfield>
    <subfield code="c">18 cm</subfield>
  </datafield>
  <datafield tag="490" ind1="1" ind2=" ">
    <subfield code="a">Tic-cero ;</subfield>
    <subfield code="v">39</subfield>
  </datafield>
  <datafield tag="650" ind1=" " ind2="0">
    <subfield code="a">Premsa digital</subfield>
    <subfield code="2">lemac</subfield>
    <subfield code="9">3188</subfield>
  </datafield>
  <datafield tag="830" ind1=" " ind2="0">
    <subfield code="a">Tic-cero ;</subfield>
    <subfield code="v">39</subfield>
  </datafield>
  <datafield tag="907" ind1=" " ind2=" ">
    <subfield code="a">.b47911554</subfield>
    <subfield code="b">18-06-21</subfield>
    <subfield code="c">26-01-11</subfield>
    <subfield code="d">14-02-11</subfield>
    <subfield code="e">m</subfield>
    <subfield code="f">a</subfield>
    <subfield code="g">-</subfield>
    <subfield code="h">spa</subfield>
    <subfield code="i">sp</subfield>
    <subfield code="j">0</subfield>
    <subfield code="k">1</subfield>
  </datafield>
  <datafield tag="908" ind1=" " ind2=" ">
    <subfield code="a">UB</subfield>
    <subfield code="a">UVic-UCC</subfield>
    <subfield code="a">UdL</subfield>
    <subfield code="a">UPC</subfield>
    <subfield code="a">UdG</subfield>
    <subfield code="a">UJI</subfield>
    <subfield code="a">UIC</subfield>
    <subfield code="a">UDA</subfield>
    <subfield code="a">UAB</subfield>
    <subfield code="a">UOC</subfield>
    <subfield code="a">BC</subfield>
    <subfield code="a">UAO</subfield>
    <subfield code="a">URV</subfield>
    <subfield code="a">URL</subfield>
    <subfield code="a">UPF</subfield>
  </datafield>
  <datafield tag="940" ind1=" " ind2=" ">
    <subfield code="a">BC</subfield>
  </datafield>
  <datafield tag="942" ind1=" " ind2=" ">
    <subfield code="2">udc</subfield>
    <subfield code="c">MON</subfield>
  </datafield>
  <datafield tag="952" ind1=" " ind2=" ">
    <subfield code="0">0</subfield>
    <subfield code="1">0</subfield>
    <subfield code="4">0</subfield>
    <subfield code="7">0</subfield>
    <subfield code="a">CDMR</subfield>
    <subfield code="b">CDMR</subfield>
    <subfield code="d">2021-12-17</subfield>
    <subfield code="e">Donaci&#xF3;</subfield>
    <subfield code="g">11.00</subfield>
    <subfield code="l">0</subfield>
    <subfield code="o">Cs /27</subfield>
    <subfield code="p">CDMR21120091</subfield>
    <subfield code="r">2021-12-17</subfield>
    <subfield code="w">2021-12-17</subfield>
    <subfield code="y">MON</subfield>
  </datafield>
</record>
